<?xml version="1.0" encoding="UTF-8"?>
<record
    xmlns:xsi="http://www.w3.org/2001/XMLSchema-instance"
    xsi:schemaLocation="http://www.loc.gov/MARC21/slim http://www.loc.gov/standards/marcxml/schema/MARC21slim.xsd"
    xmlns="http://www.loc.gov/MARC21/slim">

  <leader>00926cam a22002417a 4500</leader>
  <controlfield tag="003">OSt</controlfield>
  <controlfield tag="005">20180117130011.0</controlfield>
  <controlfield tag="008">180117s2012    sp d|||  |||| 000 0 spa|d</controlfield>
  <datafield tag="017" ind1=" " ind2=" ">
    <subfield code="a">DL M. 26393-2012</subfield>
  </datafield>
  <datafield tag="020" ind1=" " ind2=" ">
    <subfield code="a">9788488788856</subfield>
  </datafield>
  <datafield tag="040" ind1=" " ind2=" ">
    <subfield code="a">ES-BaCBU</subfield>
    <subfield code="b">cat</subfield>
    <subfield code="c">CDMR</subfield>
  </datafield>
  <datafield tag="245" ind1="0" ind2="0">
    <subfield code="a">Sintonizando el futuro</subfield>
    <subfield code="b">: radio y producci&#xF3;n sonora en el siglo XXI /</subfield>
    <subfield code="c">J. Ignacio Gallego P&#xE9;rez y M&#xAA; Trinidad Garc&#xED;a Leiva, coordinadores</subfield>
  </datafield>
  <datafield tag="260" ind1=" " ind2=" ">
    <subfield code="a">Madrid :</subfield>
    <subfield code="b">Instituto RTVE,</subfield>
    <subfield code="c">DL 2012</subfield>
  </datafield>
  <datafield tag="300" ind1=" " ind2=" ">
    <subfield code="a">365 p. :</subfield>
    <subfield code="b">gr&#xE0;f. ;</subfield>
    <subfield code="c">24 cm</subfield>
  </datafield>
  <datafield tag="504" ind1=" " ind2=" ">
    <subfield code="a">Inclou refer&#xE8;ncies bibliogr&#xE0;fiques</subfield>
  </datafield>
  <datafield tag="650" ind1="0" ind2="7">
    <subfield code="a">Radiodifusi&#xF3;</subfield>
    <subfield code="z">Espanya</subfield>
    <subfield code="x">Hist&#xF2;ria</subfield>
    <subfield code="y">S. XXI</subfield>
    <subfield code="2">lemac</subfield>
    <subfield code="9">1720</subfield>
  </datafield>
  <datafield tag="650" ind1=" " ind2="4">
    <subfield code="a">Radiodifusi&#xF3;</subfield>
    <subfield code="z">Espanya</subfield>
    <subfield code="9">4129</subfield>
    <subfield code="x">Aspectes pol&#xED;tics</subfield>
  </datafield>
  <datafield tag="650" ind1=" " ind2="4">
    <subfield code="a">Radiodifusi&#xF3; digital</subfield>
    <subfield code="z">Espanya</subfield>
    <subfield code="9">4340</subfield>
  </datafield>
  <datafield tag="700" ind1="1" ind2=" ">
    <subfield code="a">Gallego P&#xE9;rez, J. Ignacio</subfield>
  </datafield>
  <datafield tag="700" ind1="1" ind2=" ">
    <subfield code="a">Garc&#xED;a Leiva, Mar&#xED;a Trinidad</subfield>
  </datafield>
  <datafield tag="710" ind1="2" ind2=" ">
    <subfield code="a">Instituto Oficial de Radio y Televisi&#xF3;n (Espanya)</subfield>
    <subfield code="9">2097</subfield>
  </datafield>
  <datafield tag="942" ind1=" " ind2=" ">
    <subfield code="c">MON</subfield>
  </datafield>
  <datafield tag="999" ind1=" " ind2=" ">
    <subfield code="c">7102</subfield>
    <subfield code="d">7102</subfield>
  </datafield>
  <datafield tag="952" ind1=" " ind2=" ">
    <subfield code="0">0</subfield>
    <subfield code="1">0</subfield>
    <subfield code="4">0</subfield>
    <subfield code="7">0</subfield>
    <subfield code="a">CDMR</subfield>
    <subfield code="b">CDMR</subfield>
    <subfield code="d">2018-01-17</subfield>
    <subfield code="e">Intercanvi</subfield>
    <subfield code="g">18.00</subfield>
    <subfield code="l">0</subfield>
    <subfield code="o">Eq /13</subfield>
    <subfield code="p">CDMR18010006</subfield>
    <subfield code="r">2018-01-17</subfield>
    <subfield code="v">18.00</subfield>
    <subfield code="w">2018-01-17</subfield>
    <subfield code="y">MON</subfield>
  </datafield>
</record>
